| Поле | Название | Значение |
| |
Тип записи |
i |
| |
Библиографический уровень |
m |
| 001 |
Контрольный номер |
RU/IS/BASE/469016504 |
| 005 |
Дата корректировки |
20201206204932.5 |
| 010 |
Индекс ISBN |
__ |
| a |
ISBN |
978-5-9677-1587-7 (в кор.) |
| d |
Цена |
204-75 |
| 100 |
Данные общей обработки |
__ |
| a |
Данные общей обработки |
19141111d2011||||||| 0rusy0189 ca |
| 101 |
Язык документа |
0_ |
| a |
Язык текста |
rus |
| 102 |
Страна публикации |
__ |
| a |
Страна публикации |
ru |
| 105 |
Кодированные данные (монография) |
__ |
| a |
Кодированные данные (монография) |
nn|||||||||zy |
| 127 |
Кодированные данные (звукозаписи-физические характеристики) |
__ |
| a |
Продолжительность проигрывания |
12 ч 06 мин |
| 200 |
Заглавие и сведения об ответственности |
1_ |
| a |
Заглавие |
Маленькая хозяйка большого дома |
| e |
Сведения, относящиеся к заглавию |
[аудиокнига : 12+] |
| f |
Первые сведения об ответственности |
Джек Лондон ; [читает Денис Некрасов] |
| b |
Общее обозначение материала |
Звукозапись |
| 210 |
Выходные данные |
__ |
| a |
Место издания |
Москва |
| c |
Издательство |
1С-Паблишинг |
| c |
Издательство |
Дистрибутор |
| d |
Дата издания |
2011 |
| 215 |
Физическое описание |
__ |
| a |
Объем |
1 электрон. опт. диск (Audio CD) |
| c |
Иллюстрации/тип воспроизводства |
mp3, stereo |
| d |
Формат |
12х14 см |
| 225 |
Серия |
__ |
| a |
Серия |
1С: Аудиокниги |
| 230 |
Специфическая характеристика материала: электронные ресурсы |
__ |
| a |
Обозначение и объем ресурса |
Электронные звуковые данные |
| 323 |
Примечание о главных создателях, исполнителях, участниках |
__ |
| a |
Примечание о главных создателях, исполнителях, участниках |
Некрасов, Д. (читает) |
| 330 |
Аннотация |
__ |
| a |
Аннотация |
Вниманию слушателей предлагается одно из последних произведений Джека Лондона - роман "Маленькая хозяйка большого дома". Это трагическое повествование о любви и долге. Спокойная жизнь прекрасной Паолы и ее мужа Дика Форреста необратимо меняется с появлением нового жителя долины. Смогут ли Паола и Дик сохранить свою любовь? |
| 333 |
Примечание о целевом назначении |
__ |
| a |
Примечание о целевом назначении |
12+. Для детей старше 12 лет |
| 337 |
Примечание о системных требованиях (электронные ресурсы) |
__ |
| a |
Примечание о системных требованиях (электронные ресурсы) |
Системные требования: ПК: MS Windows 2000/XP ; Pentium II 500 МГц ; RAM 256 Мб ; HDD 614 Мб ; монитор SVGA, 1024x768 ; IE 6.0 и выше ; устройство чтения CD/DVD-ROM ; звуковая карта ; колонки или наушники ; мышь ; Adobe Flash Player |
| 606 |
Тематические рубрики |
__ |
| a |
Основная рубрика |
Художественная литература |
| 606 |
Тематические рубрики |
__ |
| a |
Основная рубрика |
Литература Америки (произведения) |
| y |
Географическая подрубрика |
США |
| 610 |
Ключевые слова |
__ |
| a |
Ключевые слова |
американская литература |
| a |
Ключевые слова |
зарубежная литература |
| a |
Ключевые слова |
иностранная литература |
| a |
Ключевые слова |
романы |
| a |
Ключевые слова |
тема взаимоотношений |
| a |
Ключевые слова |
тема долга |
| a |
Ключевые слова |
тема испытаний |
| a |
Ключевые слова |
тема любви |
| a |
Ключевые слова |
тема приключений |
| 686 |
Индексы других классификаций |
__ |
| a |
Классификационный индекс |
84(7Сое)53-4я04 |
| 700 |
Автор |
_1 |
| a |
Фамилия |
Лондон |
| b |
Имя |
Д. |
| g |
Полное личное имя |
Джек |
| 4 |
Код отношения |
070 |
| 801 |
Источник записи |
_0 |
| a |
Страна |
ru |
| b |
Организация |
Муниципальное бюджетное учреждение культуры "Централизованная библиотечная система" г. Сургут (Центральная городская библиотека им. А. С. Пушкина) |
| c |
Дата составления |
20141111 |
| g |
Правила каталогизации |
КиК/Лукашук |
| 801 |
Источник записи |
_1 |
| a |
Страна |
ru |
| b |
Организация |
Муниципальное бюджетное учреждение культуры "Централизованная библиотечная система" г. Сургут (Центральная городская библиотека им. А. С. Пушкина) |
| c |
Дата составления |
20141111 |
| g |
Правила каталогизации |
КиК/Лукашук |
| 852 |
Данные о местонахождении |
__ |
| j |
Шифр хранения |
84(7Сое)53-4я04 |
| i |
Авторский знак |
Л 76 |
| 901 |
Тип документа |
__ |
| t |
Тип документа |
0 |
| 903 |
Характеристики (МАРС) |
__ |
| a |
Дата передачи |
20141111 |
| 969 |
Тип издания |
__ |
| a |
Тип издания |
аудиокнига; издание для слепых |
| 990 |
Данные о заказе (DOS) |
__ |
| j |
Количество экземпляров (DOS) |
3 |
| t |
N записи в КСУ для И/У (DOS) |
201411 |